Термодесорбционное исследование гидрогенолиза гетероядерных соединений на Al-Co-Mo-катализаторах и их компонентах; Известия Академии наук СССР. Серия химическая; № 3

Bibliographic Details
Parent link:Известия Академии наук СССР. Серия химическая.— , 1936-1991
№ 3.— 1983.— С. 504-507
Other Authors: Плишкин Г. А., Бурмистрова Н. В., Ломако В. И., Ерофеев В. И. Владимир Иванович, Калечиц И. В.
Language:Russian
Published: 1983
Subjects:
Format: Book Chapter
KOHA link:https://koha.lib.tpu.ru/cgi-bin/koha/opac-detail.pl?biblionumber=540197

MARC

LEADER 00000naa2a2200000 4500
001 540197
005 20240206095546.0
035 |a (RuTPU)RU\TPU\prd\230104 
035 |a RU\TPU\prd\230001 
090 |a 540197 
100 |a 20150121a1983 k y0rusy50 ca 
101 0 |a rus 
102 |a RU 
200 1 |a Термодесорбционное исследование гидрогенолиза гетероядерных соединений на Al-Co-Mo-катализаторах и их компонентах  |f Г. А. Плишкин [и др.] 
320 |a Библиогр.: с. 506-507 (8 назв.) 
461 1 |0 (RuTPU)RU\TPU\prd\515  |t Известия Академии наук СССР. Серия химическая  |d 1936-1991 
463 1 |0 (RuTPU)RU\TPU\prd\136835  |t № 3  |v С. 504-507  |d 1983 
610 1 |a термодесорбционные исследования 
610 1 |a гидрогенолиз 
610 1 |a гетероядерные соединения 
610 1 |a катализаторы 
610 1 |a компоненты 
701 1 |a Плишкин  |b Г. А. 
701 1 |a Бурмистрова  |b Н. В. 
701 1 |a Ломако  |b В. И. 
701 1 |a Ерофеев  |b В. И.  |c специалист в области нефтегазового дела  |c профессор Томского политехнического университета, доктор технических наук  |f 1946-  |g Владимир Иванович  |3 (RuTPU)RU\TPU\pers\26104  |9 11934 
701 1 |a Калечиц  |b И. В. 
801 1 |a RU  |b 63413507  |c 20040413  |g PSBO 
801 2 |a RU  |b 63413507  |c 20180216  |g RCR 
942 |c BK